The new adventures Mcgee and me : (Record no. 7189)
[ view plain ]
| 000 -LEADER | |
|---|---|
| fixed length control field | 01014nam a22003017a 4500 |
| 001 - CONTROL NUMBER | |
| control field | 7189 |
| 003 - CONTROL NUMBER IDENTIFIER | |
| control field | FISKH |
| 005 - DATE AND TIME OF LATEST TRANSACTION | |
| control field | 20250702085842.0 |
| 008 - FIXED-LENGTH DATA ELEMENTS--GENERAL INFORMATION | |
| fixed length control field | 250702b cb ||||| |||| 00| 0 eng d |
| 020 ## - INTERNATIONAL STANDARD BOOK NUMBER | |
| International Standard Book Number | 9780842341226 |
| 040 ## - CATALOGING SOURCE | |
| Original cataloging agency | FISKH |
| Language of cataloging | eng |
| Transcribing agency | FISKH |
| Modifying agency | FISKH |
| 050 ## - LIBRARY OF CONGRESS CALL NUMBER | |
| Classification number | PZ7.M98234 I |
| 082 ## - DEWEY DECIMAL CLASSIFICATION NUMBER | |
| Classification number | 813.54 |
| 100 ## - MAIN ENTRY--PERSONAL NAME | |
| Personal name | Myers, Bill |
| Dates associated with a name | (1953-) |
| 245 ## - TITLE STATEMENT | |
| Title | The new adventures Mcgee and me : |
| Remainder of title | In the Nick of time / |
| Statement of responsibility, etc. | Bill Myers and Robert West |
| 250 ## - EDITION STATEMENT | |
| Edition statement | This edition first published in 1992 |
| 260 ## - PUBLICATION, DISTRIBUTION, ETC. | |
| Place of publication, distribution, etc. | California : |
| Name of publisher, distributor, etc. | Tynadale House. |
| Date of publication, distribution, etc. | 1992 |
| 300 ## - PHYSICAL DESCRIPTION | |
| Extent | 83 pages : |
| Dimensions | 20 cm |
| 505 ## - FORMATTED CONTENTS NOTE | |
| Formatted contents note | N<br/> |
| 520 ## - SUMMARY, ETC. | |
| Summary, etc. | While mountain climbing with his father and friends in California, seventh grader Nick calls on God to help him deal with various fears and dangers.<br/> |
| 521 8# - TARGET AUDIENCE NOTE | |
| Target audience note | 590<br/> |
| Source | Lexile<br/> |
| 521 8# - TARGET AUDIENCE NOTE | |
| Target audience note | N<br/> |
| Source | Raz-Plus<br/> |
| 650 ## - SUBJECT ADDED ENTRY--TOPICAL TERM | |
| Source of heading or term | Children's fiction |
| Topical term or geographic name entry element | Mountaineering |
| 650 ## - SUBJECT ADDED ENTRY--TOPICAL TERM | |
| Source of heading or term | Elementary Fiction |
| Topical term or geographic name entry element | McGee and Me |
| 700 ## - ADDED ENTRY--PERSONAL NAME | |
| Personal name | West, Robert |
| Dates associated with a name | illustrator |
| 942 ## - ADDED ENTRY ELEMENTS (KOHA) | |
| Source of classification or shelving scheme | Dewey Decimal Classification |
| Koha item type | Books |
| Suppress in OPAC | No |
| Withdrawn status | Lost status | Source of classification or shelving scheme | Damaged status | Not for loan | Collection | Home library | Current library | Shelving location | Date acquired | Total Checkouts | Full call number | Barcode | Date last seen | Copy number | Price effective from | Koha item type |
|---|---|---|---|---|---|---|---|---|---|---|---|---|---|---|---|---|
| Dewey Decimal Classification | Juvenile Fiction | Footprints International School Library Network Toul Tom Poung Campus | Footprints International School Library Network Toul Tom Poung Campus | TTP Primary Yellow Bookshelves | 07/02/2025 | MYE 813.54 PZ7.M98234 I | 2025-1719 | 07/02/2025 | 1 | 07/02/2025 | Books |
